Statistics for 985大学

Click here to take the quiz!

General Stats

  • This quiz has been taken 37 times
  • The average score is 34 of 39

Answer Stats

HintAnswer% Correct
北京北京大学
100%
浙江浙江大学
100%
北京清华大学
100%
重庆重庆大学
97%
山东山东大学
97%
江苏南京大学
97%
上海上海交通大学
97%
甘肃兰州大学
94%
福建厦门大学
94%
黑龙江哈尔滨工业大学
94%
上海复旦大学
94%
天津南开大学
94%
陕西西安交通大学
94%
湖北武汉大学
91%
广东中山大学
91%
四川四川大学
91%
湖北华中科技大学
91%
湖南湖南大学
91%
江苏东南大学
91%
吉林吉林大学
91%
四川电子科技大学
88%
安徽中国科学技术大学
88%
北京中国人民大学
88%
上海同济大学
84%
北京北京航空航天大学
84%
天津天津大学
84%
上海华东师范大学
81%
广东华南理工大学
81%
湖南中南大学
78%
湖南国防科技大学
75%
陕西西北工业大学
75%
北京北京理工大学
75%
辽宁大连理工大学
75%
北京中国农业大学
72%
陕西西北农林科技大学
72%
北京北京师范大学
72%
辽宁东北大学
72%
山东中国海洋大学
72%
北京中央民族大学
69%

Score Distribution

Percentile by Number Answered

Percent of People with Each Score

Your Score History

You have not taken this quiz